Tramitaciones en las cortes de apelaciones: sus principales materias

Guardado en:
Detalles Bibliográficos
Autor principal: Chaigneau del Campo, Alberto (Autor)
Formato: Libro
Lenguaje:español
Publicado: Santiago Jurídica de Chile 2002
Edición:5a. ed
Materias:
Etiquetas: Agregar Etiqueta
Sin Etiquetas, Sea el primero en etiquetar este registro!

MARC

LEADER 00000cam a2200000 a 4500
001 UCM6370
003 CL-VaPUC
008 021108e20021000CL |||||||||||||||||spa|d
020 |a 9561014238 
082 0 4 |a 347.8308  |b CHA  |2 21 
100 0 |a Chaigneau del Campo, Alberto  |e author  |9 472174 
245 1 0 |a Tramitaciones en las cortes de apelaciones: sus principales materias 
250 |a 5a. ed 
300 |a 343 p 
942 |c BK 
945 |d 20021108 00:00:00  |a vberengu 
260 |a Santiago  |b Jurídica de Chile  |c 2002 
650 7 |a CORTE DE APELACIONES  |2 CL-VaPUC  |9 385526 
650 0 |a Recurso de apelación  |9 380716 
583 |a last modification  |c 20120319 08:47:32  |k Rodrigo Vera 
999 |c 301780  |d 301778 
952 |0 0  |1 0  |4 0  |6 347_830800000000000_CHA_2002  |7 0  |8 A  |9 361418  |a BIBDER  |b BIBDER  |d 2019-11-21  |i 4845048  |o 347.8308 CHA 2002  |p 4845048  |r 2023-01-25  |w 2019-11-21  |y BK  |k DER